|
|
|
|
| LEADER |
01746nam a22003017a 4500 |
| 001 |
27997 |
| 003 |
BD-DhAAL |
| 005 |
20250625155824.0 |
| 008 |
140423s2013 bg ||||| b||| 001 0 eng d |
| 020 |
|
|
|a 9789845061209
|
| 040 |
|
|
|a BD-DhAAL
|c BD-DhAAL
|
| 082 |
|
|
|a 820.90091
|2 23
|
| 245 |
|
|
|a Contemporarising Tagore and the world /
|c edited by Imtiaz Ahmed, Muchkund Dubey, Veena Sikri
|
| 260 |
|
|
|a Dhaka :
|b The University Press in association with Indian Council for Cultural Relations, Dept. of International Relations, University of Dhaka,
|c 2013.
|
| 300 |
|
|
|a xix, 501 pages ;
|c 24 cm.
|
| 504 |
|
|
|a Includes bibliographical references and index.
|
| 520 |
|
|
|a Papers presented at the International Conference on 'Contemporarising Tagore and the World', held at Dhaka during 29th April to 1st May 2011.
|
| 541 |
|
|
|a Donated By Akbar Ali Khan
|e 27997, 38664
|
| 600 |
|
|
|a Tagore, Rabindranath,
|d 1861-1941
|x Criticism and interpretation
|x Congresses.
|9 4336
|
| 700 |
|
|
|a Ahmed, Imtiaz.
|9 48879
|
| 700 |
|
|
|a Dubey, Muchkund.
|9 48880
|
| 700 |
|
|
|a Sikri, Veena.
|9 4338
|
| 852 |
|
|
|a Ayesha Abed Library
|c General Stacks
|
| 942 |
|
|
|2 ddc
|c BK
|
| 999 |
|
|
|c 14304
|d 14304
|
| 952 |
|
|
|0 0
|1 0
|2 ddc
|3 Need to change author mark
|4 0
|6 820_900910000000000_AHM
|7 0
|9 24193
|a IGS
|b IGS
|c GEN
|d 2014-04-23
|e University Press Limited
|g 1500.00
|l 0
|o 820.90091 AHM
|p 3010027997
|r 2014-04-23
|t 1
|w 2014-04-23
|y BK
|
| 952 |
|
|
|0 0
|1 0
|2 ddc
|4 0
|6 820_900910000000000_CON
|7 0
|9 63531
|a BRACUL
|b BRACUL
|c GEN
|d 2018-06-26
|e Complimentary copy
|l 2
|m 9
|o 820.90091 CON
|p 3010033174
|r 2025-09-08
|s 2025-08-30
|t 2
|w 2018-06-26
|y BK
|
| 952 |
|
|
|0 0
|1 0
|2 ddc
|4 0
|6 820_900910000000000_CON
|7 1
|9 70783
|a BRACUL
|b BRACUL
|c CS1
|d 2022-06-05
|e Donated by Akbar Ali Khan
|l 0
|o 820.90091 CON
|p 3010038664
|r 2022-06-05
|t 3
|w 2022-06-05
|y BK
|